| 000 | 00549nam a2200217Ia 4500 | ||
|---|---|---|---|
| 003 | OSt | ||
| 005 | 20230427161019.0 | ||
| 008 | 210423s2009 xx 000 0 und d | ||
| 020 | _a9788183986557 | ||
| 040 | _cAL | ||
| 041 | _aeng | ||
| 082 |
_a530.13 GUPS _223 |
||
| 100 |
_aGUPTA (S L);KUMAR (V). _994356 |
||
| 245 | _aStatistical mechanics. | ||
| 260 |
_aMeerut _bPragati Prakashan _c2009 |
||
| 300 |
_ax,336p _bPB |
||
| 365 |
_b185 _cINR |
||
| 650 |
_aTheoretical Physics _994357 |
||
| 906 | _amechanics. ; Statistical | ||
| 942 |
_2ddc _cBK |
||
| 999 |
_c161852 _d161852 |
||